历史: 历届试题集(第二辑) 1987-1992 (Record no. 42974)

000 -LEADER
fixed length control field 00483nam a22001697a 4500
003 - CONTROL NUMBER IDENTIFIER
control field MPLRDC
005 - DATE AND TIME OF LATEST TRANSACTION
control field 20220104143741.0
008 - FIXED-LENGTH DATA ELEMENTS--GENERAL INFORMATION
fixed length control field 210129b ||||| |||| 00| 0 eng d
082 ## - DEWEY DECIMAL CLASSIFICATION NUMBER
Classification number 524.914 DZ 1987-1992
100 ## - MAIN ENTRY--PERSONAL NAME
Personal name 独中工委会考试局
245 ## - TITLE STATEMENT
Title 历史: 历届试题集(第二辑) 1987-1992
Statement of responsibility, etc.
260 ## - PUBLICATION, DISTRIBUTION, ETC.
Place of publication, distribution, etc.
Name of publisher, distributor, etc. 马来西亚华校董事联合
Date of publication, distribution, etc. 1993
300 ## - PHYSICAL DESCRIPTION
Other physical details
490 ## - SERIES STATEMENT
Series statement 马来西亚华文独中初中统考
650 ## - SUBJECT ADDED ENTRY--TOPICAL TERM
Topical term or geographic name entry element
942 ## - ADDED ENTRY ELEMENTS (KOHA)
Koha item type Book
-- 524.914 DZ 1987-1992
Holdings
Withdrawn status Lost status Source of classification or shelving scheme Damaged status Not for loan Collection code Home library Current library Shelving location Date acquired Cost, normal purchase price Total Checkouts Full call number Barcode Date last seen Date last checked out Price effective from Koha item type Public note
            Malaysian Public Library, Research and Development Centre Malaysian Public Library, Research and Development Centre   10/12/2007 0.00   524.914 DZ 1987-1992 00043120 18/03/2021 15/02/2008 18/03/2021 Book mplrdc

© 2022. Malaysian Public Library, Research and Development Centre. All Right ReservedE-mailmplrdc@help.edu.my 

Powered by Koha